000 04274cam a2200325 a 4500
008 s1760 it a fr 0 lat d
040 _aCO-BoPUJ
_cSandra Yazo (modificó)
_dSandra Yazo (modificó)
041 0 _alat
082 0 4 _a221
_220
092 _aE28N002
100 1 _aTirinus, Jacobus
_d1580-1636
_940979
242 0 0 _aComentario, en tres tomos, a todas las Sagradas Escrituras. Completado con seis índices. Edición mejor corregida y más completa que las anteriores
_bAdemás del texto de los Sagrados Libros, verificado con el primer ejemplar de Amberes, trae unas Introducciones completas y escogidas; incluye dos obras de Levino Lemnio: una, sobre Los símiles y las parábolas que están tomados de las plantas y los árboles; otra, sobre Astrología. Del médico Francisco Rueo, un Libro sobre algunas joyas, especialmente las citadas por San Juan en el Apocalipsis. Y, finalmente, unas Notas de otro sacerdote de la Compañía de Jesús, que amplió, corrigió y explicó esta importante obra. Tomo Primero.
_yspa
245 1 0 _aR.P. Jacobi Tirini S.J. Antuerpiani In universam Sacram Scripturam Commentarius tribus tomis comprehensus. Atque Indicibus omnino sex auctus.
_bEditio omnibus locupletior et emendatior. Cui praeter Sacrorum Bibliorum textum ad primum Antuerpaie exemplar restitutum accedunt Prolegomena uberiora ac selecta; Levini Lemnii libri duo, alter De similitudinibus ac Parabolis quae in Bibliis ex herbis et arboribus desumuntur, alter De Astrologia; Francisci Rueo M.D. Insulani Liber de Gemmis aliquot, iis praesertim, quarum D. Ioannes Apostolus in Apocalypsi meminit; Notationes praeterea quamplurimae alterius ex eadem Soc. Jesu presbyteri, qui praestantissimum opus auxit, correxit et illustravit. Tomus Primus
246 1 5 _aR. P. Jacobi Tirini S.J. antuerpiani in universam sacram scripturam commentarius tribus tomis comprehensus.
250 _aEditio omnibus locupletior, et emendatior, cui praeter sacrorum bibliorum textum ad primum antuerpiense exemplar restitutum adcedunt pro legomena uberiora, ac selecta, levini lemnii libri arboribus desumuntur, alter de astrologia; Francisci ruei D.M. Insulani liber de gemmis aliquot, iis praesertim
260 _aVenetiis [ Venecia]
_b[Ex typis Nicolai Perzzana] Nicolás Pezzana
_c1760
300 _a1 v. ([3], cxl, 403
_c39 x 27 cm.
500 _aColección incompleta
500 _aDetalles físicos: Palabras del editor. Elogio sobre el autor P. Giacomo Tirini. Licencias y permisos. Palabras del autor a los lectores. Texto impreso sobre papel de buena calidad, en una y dos columnas, separadas por dos líneas verticales. Algunas cenefas, remates y mayúsculas capitales. El texto de los libros sagrados se imprime en una columna y los comentarios, en dos columnas. Los párrafos de los comentarios están marcados con números y letras. Apostillas marginales. Notas al pie de página. Hojas plegadas, con cuadros sinópticos. Signaturas. Reclamos. Cortes decorados en rojo. Papel manchado (pág. 163).
505 0 _gV.1: Introducciones: Prolegómenos (13 capítulos). ; Cronología sagrada (50 capítulos). ; Pesas, medidas y monedas antiguas. ; Idiotismos del hebreo antiguo. ; Símiles y Parábolas a partir del mundo vegetal. ; Tratado de astrología Tratado sobre las joyas y piedras preciosas que cita San Juan -- Comentarios a los libros sagrados: Texto latino y comentarios a los libros del Génesis, Éxodo, Levítico, Números Deuteronomio. ; Libro de Josué. ; Libro de los Jueces. ; Libro I de los Reyes. ; Libro II de los Reyes. ; Libro III de los Reyes. ; Libro IV de los Reyes. ; Libro I de las Crónicas. ; Libro II de las Crónicas. ; Libro I de Esdras. ; Libro II de Esdras. ; Libro de Tobías. ; Libro de Judit. ; Libro de Esther. ; Libro de Job.
506 _aConsulta en sala
546 _aTexto en latín
630 0 4 _aBiblia A. T.
_vComentarios
_940980
650 _916781
_aHermenéutica bíblica
690 _aReligión
700 1 _aLemmes, Levin
_d1505-1568
_940981
700 1 _aRueus, Franciscus
_dm. 585
_940982
856 4 _uhttp://books.google.com.co/books?id=rc46GviegDEC&printsec=frontcover&hl=es&source=gbs_ge_summary_r&cad=0#v=onepage&q&f=false
_zDisponible en línea V.1
942 _cLIBRO
_e1
_2DEWEY
_h221
999 _c171731
_d171731